MARC details
| 000 -LEADER |
| fixed length control field |
01731cam a22002054a 4500 |
| 005 - ΗΜΕΡΟΜΗΝΙΑ ΚΑΙ ΩΡΑ ΤΕΛΕΥΤΑΙΑΣ ΕΝΗΜΕΡΩΣΗΣ |
| Πεδίο ελέγχου |
20250605164129.0 |
| 008 - FIXED-LENGTH DATA ELEMENTS--GENERAL INFORMATION |
| Πεδίο ελέγχου σταθερού μήκους |
250528s ||||||||||||||||||||||||d |
| 035 ## - SYSTEM CONTROL NUMBER |
| System control number |
18569 |
| 020 ## - ISBN |
| ISBN |
863189342 |
| 040 ## - ΠΗΓΗ ΚΑΤΑΛΟΓΟΓΡΑΦΗΣΗΣ |
| Φορέας πρωτότυπης καταλογογράφησης |
MC Athens Campus Library |
| Γλώσσα καταλογογράφησης |
Ελληνικά, Μοντέρνα (1453-) |
| Modifying agency |
MC Athens Campus Library |
| Κανόνες περιγραφικής καταλογογράφησης |
AACR2 |
| 245 1# - ΤΙΤΛΟΣ ΚΑΙ ΔΗΛΩΣΗ ΥΠΕΥΘΥΝΟΤΗΤΑΣ |
| Τίτλος |
Perspective / Eyewitness Art |
| 260 ## - PUBLICATION, DISTRIBUTION, ETC. |
| Name of publisher, distributor, etc. |
Dorling Kindersley, |
| Date of publication, distribution, etc. |
1993 |
| 300 ## - PHYSICAL DESCRIPTION |
| Extent |
66 |
| 505 0# - FORMATTED CONTENTS NOTE |
| Formatted contents note |
What is Perspective, Early Approaches, Defining Space, The ''Invention'' of Perspective, A ''Hole in the Wall'', Playful Perspective, Divine Measurement, Eyewitness Art, Art for Art's Sake, Leonardo's Explorations, Dure's Perspective Aids, Atmospheric Perspective, Room with a View, Hidden Messages, Works of Reference, Hoogstraten's Peershow, Dutch Specialities, Daring Illusionism, The Magic Eye, Ingenious Devices, Dreams of Infinity, East Meets West, A Personal Perspective, New Visions of Space, Into the Future, Subtle Deception, Ambiguous Space, Popular Perspective, Glossary; Summary, Featured Wrks, Index; Acknowledgements. |
| 520 ## - SUMMARY, ETC. |
| Summary, etc. |
What is Perspective, Early Approaches, Defining Space, The ''Invention'' of Perspective, A ''Hole in the Wall'', Playful Perspective, Divine Measurement, Eyewitness Art, Art for Art's Sake, Leonardo's Explorations, Dure's Perspective Aids, Atmospheric Perspective, Room with a View, Hidden Messages, Works of Reference, Hoogstraten's Peershow, Dutch Specialities, Daring Illusionism, The Magic Eye, Ingenious Devices, Dreams of Infinity, East Meets West, A Personal Perspective, New Visions of Space, Into the Future, Subtle Deception, Ambiguous Space, Popular Perspective, Glossary; Summary, Featured Wrks, Index; Acknowledgements. |
| 700 1# - ΠΡΟΣΘΕΤΗ ΑΝΑΓΡΑΦΗ--ΦΥΣΙΚΟ ΠΡΟΣΩΠΟ |
| Personal name |
Cole Alison |
| 9 (RLIN) |
4831 |
| 942 ## - ADDED ENTRY ELEMENTS (KOHA) |
| Koha item type |
Books |